Normal view MARC view
  • Data Structures, Cryptology and Information Theory

Entry Topical Term

Number of records used in: 1

001 - CONTROL NUMBER

  • control field: 100717

003 - CONTROL NUMBER IDENTIFIER

  • control field: NUST

005 - DATE AND TIME OF LATEST TRANSACTION

  • control field: 20221018184810.0

008 - FIXED-LENGTH DATA ELEMENTS

  • fixed length control field: 221018|| aca||aabn | a|a d

040 ## - CATALOGING SOURCE

  • Original cataloging agency: NUST
  • Transcribing agency: NUST

150 ## - HEADING--TOPICAL TERM

  • Topical term or geographic name entry element: Data Structures, Cryptology and Information Theory

670 ## - SOURCE DATA FOUND

  • Source citation: Work cat.: (NUST)188886: Mangard, Stefan. 100715, Power Analysis Attacks :, 2007.
© 2023 Central Library, National University of Sciences and Technology. All Rights Reserved.